| 000 | 01797cgm a2200301 a 4500 | ||
|---|---|---|---|
| 003 | SA-RiAUC | ||
| 005 | 20260315143327.0 | ||
| 007 | hd b|u uuuu | ||
| 008 | 260303s1899 |||--- g a fnara c | ||
| 040 |
_aSA-JeALM _bara _cSA-RiAUC _erda |
||
| 043 | _aa-su--- | ||
| 082 | 0 | 4 | _a239.9 |
| 090 |
_aم ن 239.9 _bف ي ر |
||
| 100 | 1 |
_aالفيروزآبادي، محمد بن يعقوب بن محمد، _d729-817 هجري. |
|
| 245 | 1 | 0 |
_aإثارة الحجون لزيارة الحجون/ _cمجد الدين أبو طاهر محمد بن يعقوب الشافعي الشيرازي الفيروزآبادي. |
| 260 | _c[1899] | ||
| 264 |
_aمكة المكرمة : _bمطبعة الترقى الماجدية _c[1914] |
||
| 300 |
_a32صفحة؛ _c29 سم. |
||
| 500 | _aأوله : بعد البسملة الحمد لله الذي خلق الإنسان من حمأ مسنون وكلحم معجون ... وبعد فلما كانت ليلة الثلاثاء ... حصل عزم لزيادة مقبرة الحجون ... | ||
| 500 | _aآخره : وليكن ختم الكتاب بالصلاة والتسليم على سيدنا ونبينا محمد أشرف الخلق ... وحسبنا الله ونعم الوكيل وكان الفراغ من كتابة هذه ... | ||
| 500 | _aنسخ : جعفر بن السيد حسين الحسيني المدني. | ||
| 500 | _aالنسخة تامة، واضحة، مجدولة. | ||
| 535 | 1 |
_aمكتبة السيد جعفر ؛ _cالمدينة المنورة، السعودية. |
|
| 610 | 2 | 7 |
_aمقبرة الحجون (مكة المكرمة) _vمخطوطات _2aucnm |
| 650 | 7 |
_aالصحابة والتابعون _vتراجم _vمخطوطات _2aucsh |
|
| 942 |
_2ddc _cRBOOK COPY _n0 |
||
| 949 |
_aSA-JeALM _d260303 _umohamedma123 _n1 |
||
| 999 |
_c14611 _d14611 |
||